| 000 | 00649nam a2200205Ia 4500 | ||
|---|---|---|---|
| 003 | OSt | ||
| 005 | 20250519124900.0 | ||
| 008 | 210210b1981 xxu||||| |||| 00| 0 eng d | ||
| 040 | _cAL | ||
| 041 | _aKannada | ||
| 082 | _aK894.308 NIRV | ||
| 100 |
_aNIRANJANA, Ed. _dನಿರಂಜನ _9210360 |
||
| 245 |
_aVishva katha kosha.S7-Manjuhuvina maduvaniga. _bವಿಶ್ವ ಕಥಾ ಕೋಶ ಸಂ ೭- ಮಂಜುಹೂವಿನ ಮದುವಣಿಗ |
||
| 260 |
_aBangaluru _bNavakarnataka Publikeshans _c1981 |
||
| 300 | _a216 | ||
| 650 |
_aKategalu _9210361 |
||
| 690 |
_aKannada Fiction _9210362 |
||
| 906 | _a035173 | ||
| 942 |
_2ddc _cBK |
||
| 999 |
_c85988 _d85988 |
||